[Event "Regionalliga SO9495"]
[Site "Bayern"]
[Date "1995.??.??"]
[Round "7"]
[White "Schmidbauer, Franz"]
[Black "Kramer, Kurt"]
[Result "1-0"]
[WhiteElo "1900"]
[BlackElo "1940"]

1.Nf3 d5 2.g3 c6 3.Bg2 Nf6 4.d3 h6 5.Nbd2 Bf5 6.O-O e6 7.Qe1 Be7 8.e4 dxe4
9.dxe4 Bh7 10.h3 Nbd7 11.Nh2 Nc5 12.Ng4 O-O 13.Kh2 Qc7 14.f4 Rad8 15.Qe3 b6
16.Nf2 Rd7 17.b4 Nb7 18.a3 c5 19.c3 cxb4 20.axb4 a5 21.Ba3 Re8 22.Nf3 Nd6
23.Ne5 Nc4 24.Nxc4 Qxc4 25.bxa5 Bxa3 26.Rxa3 bxa5 27.Rxa5 Rd2 28.Qxd2  1-0

[Event "Oberliga Bayern9495"]
[Site "Bayern"]
[Date "1995.??.??"]
[Round "7"]
[White "Hochreiter, Josef"]
[Black "Kramer, Marco"]
[Result "0-1"]
[WhiteElo "2275"]
[BlackElo "2215"]

1.Nf3 d5 2.g3 Nf6 3.Bg2 Bf5 4.d3 h6 5.O-O e6 6.c4 c6 7.Be3 Be7 8.Qb3 Qc7
9.Nc3 Nbd7 10.Rac1 dxc4 11.Qxc4 O-O 12.Nd4 a6 13.Nxf5 exf5 14.Nd5 Qd8 15.Nxe7+ Qxe7
16.b4 Rfe8 17.Rfe1 Ng4 18.Bd2 Rad8 19.Qf4 Qe6 20.Rc2 Nb6 21.e4 Qd7 22.Rec1 g5
23.Qf3 fxe4 24.dxe4 Ne5 25.Qh5 Qe6 26.h4 Nbc4 27.Bc3 g4 28.Ba1 Qg6 29.Qxg6+ fxg6
30.Kf1 Rf8 31.Ke2 b5 32.Rf1 Rd7 33.f4 gxf3+ 34.Bxf3 Nxf3 35.Rxf3 Re8 36.Rf4 Red8
37.Bc3 Rd3 38.Rf3 Rxf3 39.Kxf3 Rd3+ 40.Kf4 Kf7 41.a4 Ne3 42.Rc1 Nc4 43.Be1 Ke6
44.axb5 axb5 45.Rc3 Ne5 46.g4 Kf6 47.g5+ hxg5+ 48.hxg5+ Ke6 49.Bd2 Rxd2 50.Ke3 Rg2  0-1

[Event "Belfort"]
[Site "Belfort"]
[Date "1995.??.??"]
[Round "1"]
[White "Bricard, Emmanuel"]
[Black "Landenbergue, Claude"]
[Result "1-0"]
[WhiteElo "2500"]
[BlackElo "2430"]

1.Nf3 d5 2.g3 c6 3.c4 Nf6 4.Bg2 Bg4 5.Ne5 Be6 6.cxd5 Bxd5 7.Nf3 e5 8.Nc3 e4
9.Ng5 e3 10.f3 h6 11.Nh3 exd2+ 12.Bxd2 Nbd7 13.Qc2 Bb4 14.O-O-O Qb6 15.Kb1 O-O
16.g4 Bxc3 17.Bxc3 Nxg4 18.Rd4 Ngf6 19.Rg1 Rfe8 20.e4 Be6 21.Bf1 Kf8 22.Nf4 c5
23.Rd2 Qc7 24.Nxe6+ Rxe6 25.Bh3 Re7 26.Rdg2 g5 27.Bf5 Qf4 28.Rg3 b5 29.h4 gxh4
30.Rg7 Ne5 31.Qg2 Rc7 32.Rg8+ Nxg8 33.Qg7+ Ke7 34.Bxe5 Qxf3 35.Bxc7 h3 36.Qe5+  1-0

[Event "Benasque op"]
[Site "Benasque"]
[Date "1995.??.??"]
[Round "2"]
[White "Depyl, Pascal"]
[Black "Campora, Daniel H"]
[Result "0-1"]
[WhiteElo "2185"]
[BlackElo "2550"]

1.Nf3 d5 2.g3 Bg4 3.Bg2 Nd7 4.d3 c6 5.Nbd2 e5 6.e4 dxe4 7.dxe4 Bc5 8.O-O Ne7
9.c3 a5 10.Nc4 Qc7 11.Qc2 f6 12.b3 O-O 13.Ne1 Be6 14.Nd3 Ba7 15.Ba3 c5 16.Ne3 Rfe8
17.Rfd1 Rac8 18.c4 Nc6 19.Nd5 Qd8 20.Bb2 Nd4 21.Bxd4 cxd4 22.Qe2 Nc5 23.Nxc5 Bxc5
24.Nc3 dxc3 25.Rxd8 Rexd8 26.Rd1 Rd4 27.Rxd4 Bxd4 28.Qc2 Rf8 29.Kf1 a4 30.Ke1 axb3
31.axb3 Ra8 32.Bf3 Ra1+ 33.Ke2 h6 34.Bh5 Bh3 35.b4 Bf1+  0-1

[Event "Berga op"]
[Site "Berga"]
[Date "1995.??.??"]
[Round "8"]
[White "Spassov, Liuben"]
[Black "Ortiz Lafont, Jose"]
[Result "1-0"]
[WhiteElo "2450"]
[BlackElo "2160"]

1.Nf3 d5 2.g3 c6 3.Bg2 Bf5 4.O-O e6 5.b3 Nf6 6.Bb2 h6 7.c4 Nbd7 8.d3 Be7
9.Na3 O-O 10.Nc2 Bh7 11.Qd2 Re8 12.Ne3 Bf8 13.Ne5 Nxe5 14.Bxe5 Bd6 15.Bc3 Bf8
16.Qb2 Nd7 17.b4 a6 18.a4 Bg6 19.Bf3 Qc7 20.Rfc1 dxc4 21.Nxc4 Nb6 22.Ne5 Nd5
23.Nxg6 fxg6 24.Bd2 Be7 25.Rab1 Qd7 26.Qc2 g5 27.d4 Rf8 28.Bg2 Nc7 29.e3 Bf6
30.Bc3 Be7 31.Bf1 Rac8 32.Be1 Kh8 33.Bd3 Kg8 34.Qe2 Rcd8 35.Bc2 Qd5 36.Bb3 Qf3
37.Qxf3 Rxf3 38.b5 axb5 39.Ba5 Rd7 40.axb5 Rf6 41.bxc6 bxc6 42.Rxc6  1-0

[Event "Berliner Sommer"]
[Site "Berlin"]
[Date "1995.??.??"]
[Round "2"]
[White "Troyke, Christian"]
[Black "Hoppe, F."]
[Result "1-0"]
[WhiteElo "2345"]
[BlackElo "1905"]

1.g3 d5 2.Nf3 Nf6 3.Bg2 g6 4.O-O Bg7 5.d4 O-O 6.c4 e6 7.Nc3 c6 8.b3 Nbd7
9.Bb2 Re8 10.Qd3 a6 11.e4 dxe4 12.Nxe4 Nxe4 13.Qxe4 Qc7 14.Rfe1 c5 15.Rad1 cxd4
16.Bxd4 e5 17.Qe3 f5 18.Qc3 Re7 19.Qb4 Bf6 20.Bb2 Kg7 21.Rd5 e4 22.Qxe7+  1-0

[Event "Berliner Sommer"]
[Site "Berlin"]
[Date "1995.??.??"]
[Round "2"]
[White "Urban, Julian"]
[Black "Klovans, Janis"]
[Result "0-1"]
[WhiteElo "2260"]
[BlackElo "2485"]

1.Nf3 d5 2.g3 Nf6 3.Bg2 e6 4.O-O Be7 5.d3 O-O 6.Nbd2 c5 7.e4 Nc6 8.Re1 b5
9.e5 Nd7 10.Nf1 a5 11.h4 a4 12.a3 b4 13.N1h2 bxa3 14.bxa3 Ba6 15.Bf1 Rc8
16.h5 Re8 17.h6 g6 18.Ng4 Nd4 19.Nxd4 cxd4 20.Re2 Qb6 21.Nh2 Rc3 22.Bd2 Rxa3
23.Rb1 Qc7 24.Nf3 Ra2 25.Nxd4 Bc5 26.Nb5 Bxb5 27.Rxb5 Rxc2 28.Qa1 a3 29.Kh2 Qc6
30.Ra5 Ra8 31.Rxa8+ Qxa8 32.f4 a2  0-1

[Event "Berliner Sommer"]
[Site "Berlin"]
[Date "1995.??.??"]
[Round "5"]
[White "Loginov, Valery A"]
[Black "Rause, Olita"]
[Result "1-0"]
[WhiteElo "2525"]
[BlackElo "2320"]

1.Nf3 d5 2.g3 c6 3.Bg2 Bg4 4.c4 Nf6 5.O-O Nbd7 6.cxd5 cxd5 7.Qb3 Qb6 8.Qxb6 Nxb6
9.Nc3 Bxf3 10.Bxf3 e6 11.d3 Be7 12.Bf4 Nbd7 13.Nb5 O-O 14.Rfc1 a6 15.Nd4 Rfc8
16.Nb3 Nc5 17.Nxc5 Bxc5 18.Rc3 Rc6 19.Rac1 Rac8 20.Rb3 e5 21.Bxe5 Bxf2+ 22.Kxf2 Rxc1
23.Rxb7 R1c5 24.a4 Ra5 25.b3 Ne8 26.Bd4  1-0

[Event "Berliner Sommer"]
[Site "Berlin"]
[Date "1995.??.??"]
[Round "6"]
[White "Bagirov, Vladimir"]
[Black "Rabiega, Robert"]
[Result "1/2-1/2"]
[WhiteElo "2530"]
[BlackElo "2470"]

1.Nf3 d5 2.g3 c6 3.Bg2 Bg4 4.c4 e6 5.O-O Nd7 6.d4 Ngf6 7.b3 Be7 8.Bb2 O-O
9.Nbd2 a5 10.a3 h6 11.Re1 Bf5 12.Ne5 Nxe5 13.dxe5 Nd7 14.cxd5 cxd5 15.e4 dxe4
16.Bxe4  1/2-1/2

[Event "Berliner Sommer"]
[Site "Berlin"]
[Date "1995.??.??"]
[Round "8"]
[White "Mowsziszian, Karen"]
[Black "Kadimova, Ilaha"]
[Result "1/2-1/2"]
[WhiteElo "2440"]
[BlackElo "2305"]

1.Nf3 d5 2.g3 Nf6 3.Bg2 Bf5 4.b3 e6 5.Bb2 Be7 6.d3 O-O 7.O-O h6 8.Nbd2 a5
9.a4 Nbd7 10.e3 c6 11.Qe2 Qc7 12.e4 dxe4 13.dxe4 Bh7 14.Rad1 Rad8 15.Nd4  1/2-1/2

[Event "Bern op"]
[Site "Bern"]
[Date "1995.??.??"]
[Round "1"]
[White "Hobuss, Udo"]
[Black "Hodgson, Julian M"]
[Result "0-1"]
[WhiteElo "2355"]
[BlackElo "2580"]

1.Nf3 d5 2.g3 Bg4 3.Bg2 Nd7 4.c4 c6 5.cxd5 cxd5 6.Qb3 Nc5 7.Qb5+ Bd7 8.Qxc5 Rc8
9.Qxc8 Bxc8 10.O-O Nf6 11.d4 e6 12.Bf4 Ne4 13.Rc1 Bd6 14.Ne5 O-O 15.Nc3 f6
16.Nd3 Bxf4 17.Nxf4 Nd6 18.Rc2 g5 19.Nd3 Rf7 20.Nxd5 exd5 21.Bxd5 Nb5 22.Bxf7+ Kxf7
23.Rac1 Bf5 24.Kg2 Bxd3 25.exd3 Qd5+ 26.Kh3 Nxd4 27.Rc7+ Kg6 28.R1c4 g4+  0-1

[Event "Bern op"]
[Site "Bern"]
[Date "1995.??.??"]
[Round "3"]
[White "Kengis, Edvins"]
[Black "Ekstroem, Roland"]
[Result "1-0"]
[WhiteElo "2575"]
[BlackElo "2430"]

1.Nf3 d5 2.g3 Bg4 3.Bg2 c6 4.O-O Nd7 5.b3 e6 6.Bb2 Ngf6 7.c4 Be7 8.Na3 O-O
9.d3 a5 10.Nc2 a4 11.b4 Re8 12.a3 Bf8 13.Rc1 Bh5 14.cxd5 exd5 15.Nfd4 Qb6
16.Rb1 h6 17.Qd2 Rad8 18.Bc3 Qa7 19.e3 Bg6 20.h3 Bh7 21.f4 Qa6 22.Rfd1 Bd6
23.g4 Bb8 24.Bf3 c5 25.bxc5 Nxc5 26.Nb4 Qd6 27.Re1 Rc8 28.Bb2 Nb3 29.Qf2 Nd7
30.Bxd5 Bxd3 31.Rbd1 Nbc5 32.Ba2 Be4 33.Nf5 Qg6 34.Nxg7 Red8 35.Nh5 Kh7 36.Qh4 Rg8
37.Nd5 Nd3 38.Rxd3 Bxd3 39.Bd4 Rc2 40.Nhf6+ Nxf6 41.Nxf6+ Kg7 42.Nxg8+ f6
43.Ne7  1-0

[Event "Bern op"]
[Site "Bern"]
[Date "1995.??.??"]
[Round "4"]
[White "Schulze, Ulrich"]
[Black "Bagirov, Vladimir"]
[Result "0-1"]
[WhiteElo "2400"]
[BlackElo "2530"]

1.Nf3 d5 2.g3 c6 3.Bg2 Nf6 4.O-O Bg4 5.d4 Nbd7 6.Ne5 Bf5 7.c4 e6 8.Nxd7 Qxd7
9.Nd2 Be7 10.b3 O-O 11.Bb2 a5 12.a3 h6 13.Rc1 b5 14.c5 Bh7 15.f3 a4 16.b4 Ne8
17.e4 Nc7 18.Qe2 Rae8 19.e5 f6 20.exf6 Bxf6 21.Rce1 g5 22.f4 Qg7 23.Kh1 g4
24.h4 Bf5 25.Qe3 Re7 26.Qc3 Ne8 27.Re3 Qg6 28.Rfe1 Ng7 29.Nf1 Rfe8 30.Kg1 Nh5
31.Kf2 Ng7 32.R1e2 Bb1 33.Nd2 Ba2 34.Re1 Nf5 35.Re5 Ng7 36.Bf1 Bxe5 37.Rxe5 Bc4
38.Be2 Bxe2 39.Kxe2 Rf8 40.Kf2 Nh5 41.Kg2 Rf5 42.Re1 Ref7 43.Bc1 Nxf4+ 44.gxf4 Rxf4
45.Qe3 Qf6 46.Qxe6 Qxh4 47.Qg6+ Kf8 48.Qd6+ Kg7 49.Qe5+ Kh7  0-1

[Event "Bern op"]
[Site "Bern"]
[Date "1995.??.??"]
[Round "5"]
[White "Bagirov, Vladimir"]
[Black "Polak, Tomas"]
[Result "1/2-1/2"]
[WhiteElo "2530"]
[BlackElo "2420"]

1.Nf3 d5 2.g3 Nf6 3.Bg2 c6 4.b3 Bg4 5.Bb2 Nbd7 6.c4 e6 7.O-O Bd6 8.d4 O-O
9.Nbd2 Qe7 10.a3 a5 11.Ne5 Bf5 12.h3 Ne4 13.g4 Nxd2 14.Qxd2 Be4 15.f3 Bg6
16.Nxd7 Qxd7 17.e4 dxe4 18.fxe4 f5 19.Qe2 fxe4 20.Bxe4 Bxe4 21.Qxe4  1/2-1/2

[Event "Bern op"]
[Site "Bern"]
[Date "1995.??.??"]
[Round "6"]
[White "Arakhamia, Ketevan"]
[Black "Raetsky, Alexander"]
[Result "0-1"]
[WhiteElo "2400"]
[BlackElo "2510"]

1.Nf3 d5 2.g3 g6 3.Bg2 Bg7 4.O-O e5 5.d3 Nc6 6.Nbd2 Nge7 7.e4 O-O 8.c3 a5
9.a4 h6 10.Re1 Be6 11.exd5 Bxd5 12.Qc2 f5 13.b3 Qd7 14.Ba3 Rfe8 15.Rad1 g5
16.Nc4 Ng6 17.Ne3 Bf7 18.d4 e4 19.Nd2 h5 20.f3 f4 21.Nec4 fxg3 22.hxg3 exf3
23.Nxf3 Qg4 24.Ne3 Rxe3 25.Rxe3 Qxg3 26.Qf2 Qxf2+ 27.Kxf2 g4 28.Ng5 Bh6 29.Nxf7 Bxe3+
30.Kxe3 Kxf7 31.Rf1+ Kg7 32.Bd5 Re8+ 33.Kd3 Nd8 34.Rf5 c6 35.Be4 Ne6 36.c4 Ngf4+
37.Ke3 Ng2+ 38.Kd3 Ne1+ 39.Ke3 Nc2+ 40.Kd3 Nxa3  0-1

[Event "Bern op"]
[Site "Bern"]
[Date "1995.??.??"]
[Round "7"]
[White "Kengis, Edvins"]
[Black "Pavasovic, Dusko"]
[Result "1-0"]
[WhiteElo "2575"]
[BlackElo "2440"]

1.Nf3 d5 2.g3 c6 3.Bg2 Bg4 4.c4 Nd7 5.cxd5 cxd5 6.Nc3 e6 7.Qb3 Bxf3 8.Bxf3 Qb6
9.Qxb6 Nxb6 10.O-O Ne7 11.d3 Nc6 12.Be3 Nc8 13.Rac1 Bd6 14.Bg2 N8e7 15.Nb5 Be5
16.Bc5 O-O 17.d4 Bf6 18.e3 Rfd8 19.Rfd1 Nf5 20.g4 Nh4 21.Bh1 Ng6 22.f4 Be7
23.f5 Bxc5 24.dxc5 Nf8 25.fxe6 fxe6 26.e4 Ne7 27.exd5 Nxd5 28.Nd6 Rd7 29.Rxd5 exd5
30.Bxd5+ Kh8 31.Bxb7 Rad8 32.c6 Rxd6 33.c7 g6 34.cxd8=Q Rxd8 35.Rc8 Rd1+
36.Kf2 Kg7 37.Rc2 Ne6 38.Bf3 Rd7 39.h4 Kf6 40.Ke3 Re7 41.Rc6 Ke5 42.b4 Rf7
43.Rc4 Rd7 44.g5 Rf7 45.a4 Nc7 46.Rc5+ Kd6 47.Rc6+ Ke5 48.b5 Nd5+ 49.Kf2 Nf4
50.Rc4 Ne6 51.Ke3 Kd6 52.Rc6+ Ke5 53.Rc4 Kd6 54.Rc6+ Ke5 55.Be2 Nf4 56.Bc4 Nd5+
57.Bxd5 Kxd5 58.Rc8 Rb7 59.Kf3 a6 60.bxa6 Ra7 61.Rd8+ Ke5 62.Re8+ Kd5 63.Rd8+ Kc5
64.Ke4 Rxa6 65.a5 Kc6 66.Rd5 Kc7 67.Ke5 Kc8 68.Rc5+ Kd7 69.Kd5 Ke7 70.Kc4 Kd6
71.Kb4 Ra7 72.Rc1 Rf7 73.Ka4 Rf2 74.a6 Ra2+ 75.Kb5 Rb2+ 76.Ka5 Ra2+ 77.Kb6 Rb2+
78.Ka7 Rb4 79.Rh1 Rb5  1-0

[Event "Bern op"]
[Site "Bern"]
[Date "1995.??.??"]
[Round "7"]
[White "Bagirov, Vladimir"]
[Black "Hodgson, Julian M"]
[Result "0-1"]
[WhiteElo "2530"]
[BlackElo "2580"]

1.Nf3 d5 2.g3 Bg4 3.Bg2 Nd7 4.c4 c6 5.cxd5 cxd5 6.Nc3 e6 7.Qb3 Bxf3 8.Bxf3 Qb6
9.Qxb6 Nxb6 10.d3 Ne7 11.Nb5 Kd7 12.Be3 Nf5 13.Bxb6 Bb4+ 14.Kf1 axb6 15.e4 Nd6
16.Nxd6 Kxd6 17.Kg2 Rhc8 18.Bd1 dxe4 19.dxe4 Ke5 20.a3 Rd8 21.f4+ Kxe4 22.Bf3+ Ke3
23.Bxb7 Ra7 24.Bc6 Rc7 25.axb4 Rd2+ 26.Kh3 Rxc6 27.Rhe1+ Kf3 28.Ra3+ Kf2
29.Re5 Rxb2 30.f5 Re2 31.Rxe2+ Kxe2 32.Ra7 e5 33.Rxf7 Kf3 34.Kh4 Rf6 35.Rxg7 Rxf5
36.Rxh7 e4 37.Re7 e3 38.g4 Rf4 39.Kh5 Re4 40.Rf7+ Kg2 41.Ra7 e2  0-1

[Event "Bern op"]
[Site "Bern"]
[Date "1995.??.??"]
[Round "9"]
[White "Schulze, Ulrich"]
[Black "Kuzmin, Gennadi P"]
[Result "1/2-1/2"]
[WhiteElo "2400"]
[BlackElo "2545"]

1.Nf3 d5 2.g3 Nc6 3.d4 Bg4 4.Bg2 Qd7 5.h3 Bxf3 6.exf3 h5 7.f4 e6 8.c3 h4
9.Nd2 Nf6 10.g4 O-O-O 11.Nf3 Ne4 12.Ne5 Nxe5 13.fxe5 f6 14.Qe2 Qc6 15.O-O fxe5
16.dxe5 Bc5 17.Be3 Rhf8 18.Rad1 Bb6 19.c4 Bxe3 20.Qxe3 Qxc4 21.Qxa7 Qa6 22.Qd4 Rf4
23.Rfe1 Rdf8 24.Bxe4 dxe4 25.Re3 Rxf2 26.Qd7+ Kb8 27.Qd8+ Rxd8 28.Rxd8+ Ka7
29.Kxf2 Qb6 30.Rd2 Qc5 31.Ke2 Qc4+ 32.Kd1 Qf1+ 33.Kc2 b5 34.Rde2 Kb6 35.Re1 Qf4
36.Kb1 Qh2 37.R1e2 Qg1+ 38.Re1 Qg2 39.R1e2 Qf1+ 40.Re1 Qc4 41.Ka1 g5 42.Rxe4 Qd3
43.R4e3 Qd2 44.R3e2 Qd5 45.a3 c5 46.Re3  1/2-1/2

[Event "Bern op"]
[Site "Bern"]
[Date "1995.??.??"]
[Round "9"]
[White "Jurek, Josef"]
[Black "Ballon, Guenther Jan"]
[Result "1-0"]
[WhiteElo "2355"]
[BlackElo "2190"]

1.Nf3 d5 2.g3 c6 3.Bg2 Bg4 4.b3 Nd7 5.Bb2 e6 6.O-O a5 7.a3 Ngf6 8.d3 Be7
9.Nbd2 O-O 10.c4 Qb8 11.Rc1 Rc8 12.Rc2 b5 13.Qa1 Qb7 14.Rfc1 h6 15.Kf1 bxc4
16.bxc4 Bxf3 17.Bxf3 Qa6 18.Kg1 Rab8 19.Bg2 Ne8 20.Bf1 Bf6 21.Bxf6 Nexf6
22.d4 Qa8 23.Bg2 Qa6 24.e3 Ne8 25.Qa2 Nd6 26.Rc3 a4 27.Bf1 Qa8 28.Be2 f5
29.Bd1 Qa6 30.Qc2 dxc4 31.Nxc4 Ne4 32.Rd3 Ra8 33.f3 Nef6 34.Nd6 Rcb8 35.Rc3 c5
36.dxc5 Nd5 37.Rd3 Ne5 38.Rxd5 exd5 39.Qxf5 Re8 40.Nxe8 Rxe8 41.f4 g6 42.Qc2 Nc4
43.Be2 Qe6 44.Bxc4  1-0

[Event "Biel Credis op"]
[Site "Biel"]
[Date "1995.??.??"]
[Round "2"]
[White "Jurek, Josef"]
[Black "Bacrot, Etienne"]
[Result "1/2-1/2"]
[WhiteElo "2370"]
[BlackElo "2395"]

1.Nf3 d5 2.g3 c6 3.Bg2 Bg4 4.O-O e6 5.b3 Bd6 6.Bb2 Nf6 7.d3 O-O 8.Nbd2 Nbd7
9.h3 Bxf3 10.Bxf3 Qb6 11.d4 e5 12.dxe5 Bxe5 13.Bxe5 Nxe5 14.Bg2 Rad8 15.e3 Qc5
16.Nf3 Nxf3+ 17.Bxf3 Ne4 18.Qd3 Rfe8 19.c3 b5 20.Rac1 a5 21.Rc2 Qb6 22.Rd1 Nxg3
23.Qd4 c5 24.Qg4 Ne4 25.c4 Nf6 26.Qf5 bxc4 27.bxc4 d4 28.exd4 cxd4 29.c5 Qc7
30.c6 Re5 31.Qd3 Rg5+ 32.Kh1 Nh5 33.Qe4 Re5 34.Qh4 Nf4 35.Rb2 g5 36.Qg3 Qc8
37.Kh2 Rc5 38.Rb7 Ne6 39.Qg4 Rxc6 40.Bxc6 Qxc6 41.Rb3 Qc2 42.Qf3 Qxa2 43.Rb7 Nf4
44.Rg1 Ng6 45.Rxg5 Qe6 46.Rxa5 d3 47.Rb1 Kg7 48.Ra7 Ne5 49.Qg3+ Ng6 50.Rd1 Qe2
51.Raa1 d2 52.Kg1 Rd3 53.Qg5 Rxh3 54.Rxd2 Qe4 55.Qg2 Qf5 56.Rd5 Qe6 57.Rad1 Rh4
58.Rg5 h6 59.Rg3 Re4 60.Qf3 Re5 61.Qc3 Kh7 62.Qd3 h5 63.Kf1 h4 64.Re3 Rxe3
65.Qxe3 Qc4+ 66.Qe2 Qxe2+ 67.Kxe2 Kh6 68.Kf3 f5 69.Rd8 Kg5 70.Rg8 Kf6 71.Ra8 Kg5
72.Ra5 Kf6 73.Ke3 Kg5 74.Ra1 Kh5 75.Rh1 Kg5 76.f4+ Kf6 77.Ra1 Ke6 78.Rg1 Kf7
79.Rg5 Kf6 80.Rh5 Ke6 81.Rg5 Kf6  1/2-1/2

[Event "Biel op"]
[Site "Biel"]
[Date "1995.??.??"]
[Round "6"]
[White "Gutman, Lev"]
[Black "Jaracz, Pawel"]
[Result "1/2-1/2"]
[WhiteElo "2470"]
[BlackElo "2395"]

1.Nf3 d5 2.g3 c6 3.Bg2 Bg4 4.Ne5 Bh5 5.d4 Nd7 6.Nd3 Bg6 7.O-O e6 8.a4 a5
9.Nd2 Ngf6 10.c4 Bd6 11.Qb3 Rb8 12.Nf3 Be4 13.Nde5 O-O 14.Bf4 Bc7 15.Bg5 Nxe5
16.Nxe5 Bxg2 17.Kxg2 h6 18.Bxf6 gxf6 19.Nf3 dxc4 20.Qxc4 Qd5 21.Qc1 Kg7 22.Ra3 f5
23.Kg1 Bd6 24.Rc3 Rfc8 25.Rd1 Rc7 26.Rdd3 b6 27.Rc4 Rbc8 28.b3 f6 29.Nh4 b5
30.Rc5 Bxc5 31.dxc5 Qe4 32.Re3 Qd5 33.Ng2 e5 34.Rd3 Qf7 35.Nh4 Qh5 36.Qd2 Rf7
37.Rf3 f4 38.Qd3 bxa4 39.bxa4 Rb8 40.Nf5+ Kh8 41.Nd6 Re7 42.Kg2 fxg3 43.hxg3 e4
44.Nxe4 Qd5 45.Qxd5 cxd5 46.Nc3 Rc7 47.Nxd5 Rxc5 48.e4 Rf8 49.Rb3 Rc4 50.Kf3  1/2-1/2

[Event "Biel op"]
[Site "Biel"]
[Date "1995.??.??"]
[Round "10"]
[White "Markowski, Tomasz"]
[Black "Lalic, Bogdan"]
[Result "0-1"]
[WhiteElo "2530"]
[BlackElo "2590"]

1.g3 d5 2.Nf3 c6 3.Bg2 Bg4 4.b3 e6 5.Bb2 Nd7 6.O-O Ngf6 7.c4 a5 8.a3 Bc5
9.d4 Bb6 10.Nbd2 O-O 11.Re1 c5 12.cxd5 exd5 13.Nf1 Re8 14.Ne3 Bxf3 15.Bxf3 cxd4
16.Nxd5 Ne5 17.Nxf6+ Qxf6 18.Bxb7 Rad8 19.Rf1 Qe6 20.Rc1 h5 21.a4 h4 22.Ba3 hxg3
23.hxg3 Qh3 24.Bg2 Qh5 25.Re1 Re6 26.Kf1 Ng4 27.Rc6 Qf5  0-1

[Event "GER-ch"]
[Site "Binz"]
[Date "1995.??.??"]
[Round "4"]
[White "Maiwald, Jens Uwe"]
[Black "Boensch, Uwe"]
[Result "1/2-1/2"]
[WhiteElo "2485"]
[BlackElo "2560"]

1.Nf3 d5 2.g3 c6 3.Bg2 Bg4 4.b3 Nd7 5.Bb2 Ngf6 6.O-O e6 7.d3 Be7 8.Nbd2 O-O
9.h3 Bxf3 10.Bxf3 a5 11.a3 Qb6 12.Rb1 Ne8 13.e4 Bf6 14.d4 Nc7 15.Bg2 Qa7
16.c3 e5 17.exd5 cxd5 18.c4 exd4 19.cxd5 Nb5 20.Ne4 Nc3 21.Qg4 Rfd8 22.Rbc1  1/2-1/2

[Event "Bled op"]
[Site "Bled"]
[Date "1995.??.??"]
[Round "4"]
[White "Mikac, Matjaz"]
[Black "Sulava, Nenad"]
[Result "1-0"]
[WhiteElo "2415"]
[BlackElo "2420"]

1.Nf3 d5 2.g3 Nc6 3.c4 dxc4 4.Bg2 Rb8 5.O-O e5 6.Nc3 Bd6 7.b3 cxb3 8.d4 Nf6
9.axb3 O-O 10.Nb5 e4 11.Nd2 Bf5 12.Nc4 Bb4 13.Bf4 Nd5 14.Ne3 Nxe3 15.fxe3 Rc8
16.Bxc7 Qd7 17.d5 Ne7 18.d6 Qxb5 19.dxe7 Rfe8 20.Bd6 Be6 21.Bxe4 Qb6 22.Bxb4 Qxe3+
23.Rf2 Qxe4 24.Qd2 Bd5 25.Rf3 Rc2 26.Qd3 Qe5 27.Ra5 b5 28.Rf5 Qe4 29.Qxd5 Qe3+
30.Rf2 Kh8 31.Qxf7 Rc1+ 32.Kg2 Qe4+ 33.Qf3  1-0

[Event "Bonn GSK-2"]
[Site "Bonn"]
[Date "1995.??.??"]
[Round "2"]
[White "Grimm, Sascha"]
[Black "Proehl, Holger"]
[Result "1/2-1/2"]
[WhiteElo "2320"]
[BlackElo "2365"]

1.Nf3 d5 2.g3 c5 3.d4 e6 4.Bg2 Nc6 5.O-O Nf6 6.c4 cxd4 7.Nxd4 Qb6 8.Nxc6 bxc6
9.Nc3 Be7 10.Qc2 O-O 11.Be3 Qb4 12.b3 Ba6 13.Bd2 Qd6 14.Na4 Rac8 15.Rfd1 Nd7
16.Be3 Qb8 17.Rac1 Rfd8 18.Qc3 Bb4 19.Qc2 Be7 20.Qc3 Bb4 21.Qc2  1/2-1/2

[Event "Bonn GSK"]
[Site "Bonn"]
[Date "1995.??.??"]
[Round "2"]
[White "Grimm, Sascha"]
[Black "Wintzer, Joachim"]
[Result "0-1"]
[WhiteElo "2315"]
[BlackElo "2335"]

1.Nf3 d5 2.g3 c6 3.Bg2 Bg4 4.O-O Nd7 5.d3 e6 6.Nbd2 Bd6 7.e4 Ne7 8.h3 Bh5
9.Qe1 O-O 10.e5 Bc7 11.g4 Bg6 12.Qe2 c5 13.Nb3 Nc6 14.Nfd2 Ncxe5 15.f4 c4
16.dxc4 dxc4 17.fxe5 cxb3 18.Nxb3 Bxe5 19.Rd1 Bf6 20.Nc5 Qb6 21.Rxd7 Qxc5+
22.Be3 Qxc2 23.Qxc2 Bxc2 24.Bxb7 Rad8 25.Rxd8 Rxd8 26.Rc1 Bd3 27.b4 a6 28.Bb6 Rb8
29.Ba7 Re8 30.a4 h5 31.Bc5 hxg4 32.hxg4 Rb8 33.Bc6 Rc8 34.Bb7 Rc7 35.Bf3 Bd4+
36.Kg2 a5 37.Rd1 Bxc5 38.bxc5 Bc2 39.Rd8+ Kh7 40.c6 Bxa4 41.Rd6 Bb5 42.Be4+ Kh6
43.Kg3 Kg5 44.Rd1 a4 45.Rc1 Bxc6 46.Rc5+ Kf6 47.Bxc6 a3 48.g5+ Ke7 49.g6 f5
50.Kf4 Kf6  0-1

[Event "Bonn GSK"]
[Site "Bonn"]
[Date "1995.??.??"]
[Round "2"]
[White "Maiwald, Jens Uwe"]
[Black "Heinbuch, Detlef"]
[Result "1-0"]
[WhiteElo "2455"]
[BlackElo "2355"]

1.Nf3 d5 2.g3 Nf6 3.Bg2 c6 4.O-O Bf5 5.b3 e6 6.Bb2 Be7 7.d3 O-O 8.Nh4 Bg4
9.h3 Bh5 10.g4 Nfd7 11.Nf3 Bg6 12.Nbd2 a5 13.a3 Na6 14.e3 h6 15.Rb1 Bf6 16.Nd4 Qe7
17.a4 Rfe8 18.Re1 Nb4 19.Nf1 Rac8 20.Ba3 Qd8 21.Ng3 Qb6 22.Nde2 Be5 23.Qd2 f5
24.gxf5 exf5 25.c3 Na6 26.b4 axb4 27.cxb4 Qd8 28.Rec1 Nf6 29.b5 Nb8 30.bxc6 bxc6
31.Rb7 Bd6 32.Bxd6 Qxd6 33.Qb2 Nbd7 34.Qc3 Bh7 35.a5 c5 36.Qa3 Ra8 37.d4 Qc6
38.Rb2 c4 39.Nc3 Ne4 40.Bxe4 fxe4 41.Rb5 Nf6 42.Qc5 Qxc5 43.Rxc5 Red8 44.Rb1 Kf8
45.Rbb5 Bg8 46.Nge2 Rab8 47.a6 Ra8 48.Ra5 Rd7 49.Nb5 Ke7 50.Nec3 Ne8 51.Na4 Rdd8
52.a7 Nd6 53.Nc7  1-0

[Event "Bonn GSK"]
[Site "Bonn"]
[Date "1995.??.??"]
[Round "4"]
[White "Maiwald, Jens Uwe"]
[Black "Slobodjan, Roman"]
[Result "1-0"]
[WhiteElo "2455"]
[BlackElo "2465"]

1.Nf3 d5 2.g3 c6 3.Bg2 Bg4 4.O-O Nd7 5.d4 e6 6.Nbd2 f5 7.c4 Bd6 8.Qb3 Rb8
9.Re1 Qe7 10.h3 Bh5 11.cxd5 cxd5 12.g4 Bf7 13.gxf5 exf5 14.Nf1 Ngf6 15.Ne3 g6
16.Ng5 Nb6 17.a4 f4 18.Nxf7 Kxf7 19.Nxd5 Nfxd5 20.a5 Kg7 21.axb6 Nxb6 22.Rxa7 Bb4
23.Bxf4 Bxe1 24.Bxb8 Rxb8 25.Qxb6 Kh6 26.Kf1 Bd2 27.Rxb7 Rc8 28.e3 Qf8 29.Ke2 Bc1
30.Be4 Qe8 31.Bd3 Qg8 32.Qf6 Kh5 33.Qf3+ Kh6 34.Qf4+  1-0

[Event "Bonn GSK-2"]
[Site "Bonn"]
[Date "1995.??.??"]
[Round "6"]
[White "Kengis, Edvins"]
[Black "Proehl, Holger"]
[Result "1-0"]
[WhiteElo "2565"]
[BlackElo "2385"]

1.Nf3 d5 2.g3 e6 3.Bg2 Nf6 4.O-O Be7 5.d4 O-O 6.c4 b6 7.Nc3 Bb7 8.cxd5 exd5
9.Qc2 Nbd7 10.Bf4 Rc8 11.Nb5 a6 12.Na7 Ra8 13.Bxc7 Qe8 14.Nc6 Rc8 15.Rac1 Bc5
16.Bf4 Rxc6 17.dxc5 bxc5 18.Rfd1 h6 19.b4 cxb4 20.Qb2 Qe7 21.Nd4 Rxc1 22.Rxc1 Rc8
23.Rxc8+ Bxc8 24.Nf5 Qe6 25.Bh3 Kh8 26.Qc1 Bb7 27.Bxh6 Ne8 28.Qg5 gxh6 29.Nxh6 Qg6
30.Bxd7 Nf6 31.Bf5 Qxg5 32.Nxf7+ Kg8 33.Nxg5 d4 34.Be6+ Kf8 35.Bb3 Bd5 36.Kf1 Ke7
37.Ke1 Kd6 38.f3 a5 39.Kd2 Bc6 40.Nf7+ Kc5 41.Ne5 Be8 42.Nd3+ Kd6 43.g4 Nd5
44.Bxd5 Kxd5 45.h4 Kc4 46.h5  1-0

[Event "Bonn GSK-2"]
[Site "Bonn"]
[Date "1995.??.??"]
[Round "7"]
[White "Grimm, Sascha"]
[Black "Kveinys, Aloyzas"]
[Result "0-1"]
[WhiteElo "2320"]
[BlackElo "2515"]

1.Nf3 d5 2.g3 c6 3.Bg2 Bg4 4.c4 e6 5.Ne5 Bh5 6.cxd5 exd5 7.d4 Nd7 8.Bf4 Nxe5
9.Bxe5 Ne7 10.Qc2 Qd7 11.e4 Bg6 12.O-O dxe4 13.Bxe4 f6 14.Bf4 Bxe4 15.Qxe4 Qf5
16.Qxf5 Nxf5 17.d5 g5 18.Be3 cxd5 19.Rd1 Nxe3 20.fxe3 Bc5 21.Rxd5 Bxe3+ 22.Kg2 Kf7
23.Nc3 Rhd8 24.Rad1 Rxd5 25.Nxd5 Re8 26.Kf3 Bc5 27.b4 Bf8 28.g4 Rc8 29.Ne3 Ke6
30.Rd4 Rc3 31.Re4+ Kf7 32.Rd4 a5 33.Rd7+ Ke6 34.Rxb7 axb4 35.Ke4 Bc5 36.Nf5 Rc4+
37.Kf3 Ke5 38.Nh6 Rc3+ 39.Ke2 Ke4 40.Rxh7 Rc2+ 41.Kd1 Rxa2 42.Nf5 b3 43.Rb7 b2
44.Kc2 Ba3 45.Ng3+ Kf3 46.Rb3+ Kxg4 47.Ne4 Ra1 48.Nd2 Rc1+ 49.Kd3 f5 50.Rxa3 b1=Q+
51.Nxb1 Rxb1 52.h3+ Kh4 53.Ke2 Rh1 54.Ra5 f4 55.Ra8 Rxh3  0-1

[Event "Bonn GSK"]
[Site "Bonn"]
[Date "1995.??.??"]
[Round "8"]
[White "Podzielny, Karl Heinz"]
[Black "Heinbuch, Detlef"]
[Result "1-0"]
[WhiteElo "2455"]
[BlackElo "2355"]

1.Nf3 d5 2.g3 Nf6 3.Bg2 c6 4.O-O Bf5 5.c4 e6 6.b3 Be7 7.Bb2 O-O 8.d3 h6 9.Nbd2 a5
10.a3 Bh7 11.Rc1 Na6 12.Rc2 Nd7 13.Bh3 Bf6 14.Qa1 Qe7 15.Nd4 Rfd8 16.cxd5 exd5
17.N2f3 Re8 18.Qc1 Ne5 19.Ne1 Nd7 20.Ng2 Ndc5 21.Qb1 Ne6 22.Nxe6 fxe6 23.Ne3 Nc7
24.Qa1 a4 25.b4 Nb5 26.f4 Bxb2 27.Qxb2 Qf6 28.Qc1 Qd4 29.Rf3 e5 30.f5 e4
31.Rf4 Nxa3 32.Ra2 Nb5 33.f6 gxf6 34.Kh1 Nd6 35.Ng4 f5 36.Nxh6+ Kg7 37.Nxf5+ Nxf5
38.Bxf5 Bxf5 39.Rxf5 e3 40.Rf4 Qe5 41.Qf1 Qe6 42.Qa1+ Qe5 43.Rg4+ Kf7 44.d4 Qh5
45.Qf1+ Ke6 46.Rh4 Qg6 47.Qh3+ Ke7 48.Rh7+ Kf8 49.Ra1 a3 50.Rh6 Qe4+ 51.Kg1 a2
52.Rh8+ Ke7 53.Rh7+  1-0

[Event "Bonn GSK"]
[Site "Bonn"]
[Date "1995.??.??"]
[Round "11"]
[White "Maiwald, Jens Uwe"]
[Black "Wintzer, Joachim"]
[Result "1/2-1/2"]
[WhiteElo "2455"]
[BlackElo "2335"]

1.Nf3 d5 2.g3 c6 3.Bg2 Bg4 4.O-O Nd7 5.d4 e6 6.Nbd2 Ngf6 7.Re1 Be7 8.e4 dxe4
9.Nxe4 Nxe4 10.Rxe4 Nf6 11.Re1 O-O 12.c3 Qb6 13.Qb3 Bf5 14.Ne5 Rad8 15.Nc4 Qc7
16.a4 Nd5 17.a5 c5 18.dxc5 Bxc5 19.Bg5 Rc8 20.Ne3 Nxe3  1/2-1/2